Declaración : Dominus Iesus : Sobre la unicidad y la universalidad salvífica de Jesucristo y de la Iglesia (Record no. 3290)

MARC details
000 -LEADER
campo de control de longitud fija 00640nam a22001817a 4500
001 - NÚMERO DE CONTROL
campo de control 12947
005 - FECHA Y HORA DE LA ÚLTIMA TRANSACCIÓN
campo de control 20250522045639.0
008 - DATOS DE LONGITUD FIJA--INFORMACIÓN GENERAL
campo de control de longitud fija 5230202000 mx
020 ## - NÚMERO INTERNACIONAL ESTÁNDAR DEL LIBRO
Número Internacional Estándar del Libro 968-7515-39-2
082 ## - NÚMERO DE LA CLASIFICACIÓN DECIMAL DEWEY
Número de clasificación 262.91
Número de ítem C7607d
110 ## - ENTRADA PRINCIPAL--NOMBRE DE ENTIDAD CORPORATIVA
Nombre de entidad corporativa o nombre de jurisdicción como elemento de entrada Congregación para la doctrina de la fe
245 ## - MENCIÓN DEL TÍTULO
Título Declaración : Dominus Iesus : Sobre la unicidad y la universalidad salvífica de Jesucristo y de la Iglesia
Mención de responsabilidad, etc. Congregación para la doctrina de la fe.
260 ## - PUBLICACIÓN, DISTRIBUCIÓN, ETC.
Lugar de publicación, distribución, etc. México :
Nombre del editor, distribuidor, etc. Palabra Ediciones
300 ## - DESCRIPCIÓN FÍSICA
Extensión 31 p. ; 21 cm
650 ## - PUNTO DE ACCESO ADICIONAL DE MATERIA--TÉRMINO DE MATERIA
Término de materia o nombre geográfico como elemento de entrada 1.Iglesia Católica-Congregación pro doctrina de la fe
650 ## - PUNTO DE ACCESO ADICIONAL DE MATERIA--TÉRMINO DE MATERIA
Término de materia o nombre geográfico como elemento de entrada 2.Dominus Iesus
700 ## - ENTRADA AGREGADA--NOMBRE PERSONAL
Nombre de persona I.Tít
Holdings
Estatus retirado Estado de pérdida Estado de daño No para préstamo Colección Biblioteca de origen Biblioteca actual Fecha de adquisición Total de préstamos Signatura topográfica completa Código de barras Visto por última vez Copia número Precio de reemplazo Tipo de ítem Koha
        Acervo general de Libros Biblioteca Central Mons. Favio M. Rivas S. Biblioteca Central Mons. Favio M. Rivas S. 11/11/2016   262.91 000000004964 23/05/2025 1 23/05/2025 Libros